000 00277nam a2200121Ia 4500
100 _aIBM Coporation
942 _cBK
654 _aPC/AT Technical Service
245 _aPC/AT Technical Service
260 _bInternational B..M. Coraporation
546 _aENGLISH
999 _c18417
_d18417